• 首页
  • 本馆介绍
  • 公告通知
  • 最新文献
  • 馆藏检索
  • 电子资源
  • 读者导购
  • 参考咨询
  • 我的图书馆
  • 登录
  • 详细信息显示
  • 放入我的书架
  • 预约/预借图书
  • 作者相关作品
  • 分类相关作品
  • 丛书相关作品
  • 出版社相关作品

书目信息

  • 表格格式
  • 工作单格式
  • 卡片格式
题名:
孩子考科学家
    
 
作者: 徐林 编写
分册:  
出版信息: 上海   少年儿童出版社  1983.10
页数: 40页
开本: 15cm
丛书名:
单 册:
中图分类: I287.8
科图分类:
主题词: 儿童文学--中国 , 儿童文学--中国--丛书
电子资源:
ISBN:
000 00581nam0 2200217 45
001 0312221749
005 20040408171008.9
010    @dCNY0.14
091    @aR10024.4112
100    @a20031222d1983 km y0chiy0120 ea
101    @achi
105    @a z 000yy
200 1  @a孩子考科学家@AHai Zi Kao Ke Xue Jia@f徐林编写@FXu Lin Bian Xie
210    @a上海@c少年儿童出版社@d1983.10
215    @a40页@d15cm
606 0  @a儿童文学@x中国
606 0  @a儿童文学@x中国@x丛书
690    @aI287.8@v3
701 0  @a徐林@4编写
801    @aCN@bTSTCL@c20031222
905    @dI287.8@e122@f1@b101540
    
    孩子考科学家/徐林编写.-上海:少年儿童出版社,1983.10
    40页;15cm
    
    
    ISBN :CNY0.14
    
●
相关链接 在E读中查询图书 在五车中查询图书 在当当中查询图书 在豆瓣中查询图书


正题名:孩子考科学家     索取号:I287.8/122         预约/预借

序号 登录号 条形码 馆藏地/架位号 状态 备注
1 0101540   000893894   第二借阅区/ [索取号:I287.8/122] 在馆    
2 0101542   000893965   第二借阅区/ [索取号:I287.8/122] 在馆    
3 0101543   000893947   第二借阅区/ [索取号:I287.8/122] 在馆    
4 0101544   000894009   第二借阅区/ [索取号:I287.8/122] 在馆    
5 0101545   000893983   第二借阅区/ [索取号:I287.8/122] 在馆    
6 0101546   000893938   第二借阅区/ [索取号:I287.8/122] 在馆    
7 0101547   000893992   第二借阅区/ [索取号:I287.8/122] 在馆    
8 0101548   000893901   第二借阅区/ [索取号:I287.8/122] 在馆    
9 0101549   000893956   第一样本阅览室/ [索取号:I287.8/122] 在馆    
唐山师范学院图书馆 欢迎您!
大连网信软件有限公司© 版权所有